<?xml version="1.0" encoding="UTF-8"?><?xml-stylesheet type="text/xsl" href="static/style.xsl"?><OAI-PMH xmlns="http://www.openarchives.org/OAI/2.0/" xmlns:xsi="http://www.w3.org/2001/XMLSchema-instance" xsi:schemaLocation="http://www.openarchives.org/OAI/2.0/ http://www.openarchives.org/OAI/2.0/OAI-PMH.xsd"><responseDate>2026-04-17T05:48:34Z</responseDate><request verb="GetRecord" identifier="oai:www.recercat.cat:10230/44882" metadataPrefix="marc">https://recercat.cat/oai/request</request><GetRecord><record><header><identifier>oai:recercat.cat:10230/44882</identifier><datestamp>2025-12-12T02:11:52Z</datestamp><setSpec>com_2072_6</setSpec><setSpec>col_2072_452952</setSpec></header><metadata><record xmlns="http://www.loc.gov/MARC21/slim" xmlns:dcterms="http://purl.org/dc/terms/" xmlns:xsi="http://www.w3.org/2001/XMLSchema-instance" xmlns:doc="http://www.lyncode.com/xoai" xsi:schemaLocation="http://www.loc.gov/MARC21/slim http://www.loc.gov/standards/marcxml/schema/MARC21slim.xsd">
   <leader>00925njm 22002777a 4500</leader>
   <datafield ind2=" " ind1=" " tag="042">
      <subfield code="a">dc</subfield>
   </datafield>
   <datafield ind2=" " ind1=" " tag="720">
      <subfield code="a">Ranzani, Otavio</subfield>
      <subfield code="e">author</subfield>
   </datafield>
   <datafield ind2=" " ind1=" " tag="720">
      <subfield code="a">Milà, Carles</subfield>
      <subfield code="e">author</subfield>
   </datafield>
   <datafield ind2=" " ind1=" " tag="720">
      <subfield code="a">Sanchez, Margaux</subfield>
      <subfield code="e">author</subfield>
   </datafield>
   <datafield ind2=" " ind1=" " tag="720">
      <subfield code="a">Bhogadi, Santhi</subfield>
      <subfield code="e">author</subfield>
   </datafield>
   <datafield ind2=" " ind1=" " tag="720">
      <subfield code="a">Kulkarni, Bharati</subfield>
      <subfield code="e">author</subfield>
   </datafield>
   <datafield ind2=" " ind1=" " tag="720">
      <subfield code="a">Balakrishnan, Kalpana</subfield>
      <subfield code="e">author</subfield>
   </datafield>
   <datafield ind2=" " ind1=" " tag="720">
      <subfield code="a">Sambandam, Sankar</subfield>
      <subfield code="e">author</subfield>
   </datafield>
   <datafield ind2=" " ind1=" " tag="720">
      <subfield code="a">Sunyer Deu, Jordi</subfield>
      <subfield code="e">author</subfield>
   </datafield>
   <datafield ind2=" " ind1=" " tag="720">
      <subfield code="a">Marshall, Julian D.</subfield>
      <subfield code="e">author</subfield>
   </datafield>
   <datafield ind2=" " ind1=" " tag="720">
      <subfield code="a">Kinra, Sanjay</subfield>
      <subfield code="e">author</subfield>
   </datafield>
   <datafield ind2=" " ind1=" " tag="720">
      <subfield code="a">Tonne, Cathryn</subfield>
      <subfield code="e">author</subfield>
   </datafield>
   <datafield ind2=" " ind1=" " tag="260">
      <subfield code="c">2020-06-03T06:16:28Z</subfield>
   </datafield>
   <datafield ind2=" " ind1=" " tag="260">
      <subfield code="c">2020-06-03T06:16:28Z</subfield>
   </datafield>
   <datafield ind2=" " ind1=" " tag="260">
      <subfield code="c">2020</subfield>
   </datafield>
   <datafield ind2=" " ind1=" " tag="520">
      <subfield code="a">Objective: Air pollution is a leading preventable risk factor for cardiovascular diseases. Previous studies mostly relied on concentrations at residence, which might not represent personal exposure. Personal air pollution exposure has a greater variability compared with levels of ambient air pollution, facilitating evaluation of exposure-response functions and vascular pathophysiology. We aimed to evaluate the association between predicted annual personal exposure to PM2.5 and black carbon (BC) and three vascular damage markers in peri-urban South India. Methods: We analyzed the third wave of the APCAPS cohort (2010-2012), which recruited participants from 28 villages. We used predicted personal exposure to PM2.5 and BC derived from 610 participant-days of 24 h average gravimetric PM2.5 and BC measurements and predictors related to usual time-activity. Outcomes included carotid intima-media thickness (CIMT), carotid-femoral pulse wave velocity (cf-PWV) and augmentation index (AIx). We fit linear mixed models, adjusting for potential confounders and accounting for the clustered data structure. We evaluated nonlinear associations using generalized additive mixed models. Results: Of the 3017 participants (mean age 38 years), 1453 (48%) were women. The average PM2.5 exposure was 51 µg/m3 (range 13-85) for men, and 61 µg/m3 (range 40-120) for women, while the average BC was 4 µg/m3 (range 3-7) for men and 8 µg/m3 (range 3-22) for women. A 10 μg/m3 increase of PM2.5 was positively associated with CIMT (0.026 mm, 95% CI 0.014, 0.037), cf-PWV (0.069 m/s, 95% CI 0.008, 0.131) and AIx (0.8%, 95% CI 0.3, 1.3) among men. The exposure-response function for PM2.5 and AIx among men showed non-linearity, particularly within the exposure range dominated by tobacco smoking and occupational exposures. Both PM2.5 and BC were positively associated with AIx among women (0.6%, 95% CI 0.2, 1.0, per 10 μg/m3 PM2.5; 0.5%, 95% CI 0.1, 0.8, per 2 μg/m3 BC). Conclusions: Personal exposure to particulate matter was associated with vascular damage in a peri-urban population in South India. Personal exposure to particulate matter appears to have gender-specific effects on the type of vascular damage, potentially reflecting differences in sources of personal exposure by gender.</subfield>
   </datafield>
   <datafield tag="653" ind2=" " ind1=" ">
      <subfield code="a">Air pollution</subfield>
   </datafield>
   <datafield tag="653" ind2=" " ind1=" ">
      <subfield code="a">Black carbon</subfield>
   </datafield>
   <datafield tag="653" ind2=" " ind1=" ">
      <subfield code="a">Cardiovascular disease</subfield>
   </datafield>
   <datafield tag="653" ind2=" " ind1=" ">
      <subfield code="a">India</subfield>
   </datafield>
   <datafield tag="653" ind2=" " ind1=" ">
      <subfield code="a">Particulate matter</subfield>
   </datafield>
   <datafield tag="653" ind2=" " ind1=" ">
      <subfield code="a">Personal exposure</subfield>
   </datafield>
   <datafield ind2="0" ind1="0" tag="245">
      <subfield code="a">Personal exposure to particulate air pollution and vascular damage in peri-urban South India</subfield>
   </datafield>
</record></metadata></record></GetRecord></OAI-PMH>